| 000 | 00831nam a2200181Ia 4500 | ||
|---|---|---|---|
| 008 | 100921s9999 xx 000 0 und d | ||
| 082 |
_b43832 _a923.8 न 10 |
||
| 100 | _aबियाणी किशोर,बैश्य दीपायन,अनु.महाजन उषा. | ||
| 245 | _aइट हॅपन्ड्र इन इंडिया. | ||
| 260 |
_bमेहता प्रकाशन, पुणे. _c2010 |
||
| 300 |
_a224 _bजयेश एजन्सी,पुणे. |
||
| 365 | _b180 | ||
| 520 | _aचरित्र-व्यापार,वहातूक. | ||
| 630 | _aइट हॅपन्ड्र इन इंडिया. | ||
| 650 | _aचरित्र-व्यापार,वहातूक. | ||
| 730 | _aइट हॅपन्ड्र इन इंडिया. | ||
| 942 | _cBOOK | ||
| 999 |
_c792945 _d792942 |
||